Normal view
MARC view
Entry Personal Name
001 - CONTROL NUMBER
- control field: 70435
003 - CONTROL NUMBER IDENTIFIER
- control field: dpl
005 - DATE AND TIME OF LATEST TRANSACTION
- control field: 20240822152346.0
008 - FIXED-LENGTH DATA ELEMENTS
- fixed length control field: 240822|| aca||aabn | a|a d
040 ## - CATALOGING SOURCE
- Original cataloging agency: dpl
- Transcribing agency: dpl
100 ## - HEADING--PERSONAL NAME
- Personal name: नफ़ीस, प्रमोद शाह
670 ## - SOURCE DATA FOUND
- Source citation: Work cat.: (dpl)205210: नफ़ीस, प्रमोद शाह , लॉकडाउन में जीवन-संगीता/, 2024
